First Pokémon by Type Combination: Bug - Statistics

General Stats
  • This quiz has been taken 254 times
    116 since last reset
  • The average score is 15 of 16
Answer Stats
Type combination Pokédex # Pokémon Region % Correct
Bug / Flying 0012 Butterfree Kanto
100%
Pure Bug 0010 Caterpie Kanto
100%
Bug / Poison 0013 Weedle Kanto
99%
Bug / Fighting 0214 Heracross Johto
98%
Bug / Fire 0636 Larvesta Unova
96%
Bug / Ghost 0292 Shedinja Hoenn
95%
Bug / Ground 0290 Nincada Hoenn
94%
Bug / Grass 0046 Paras Kanto
94%
Bug / Ice 0872 Snom Galar
93%
Bug / Water 0283 Surskit Hoenn
93%
Bug / Fairy 0742 Cutiefly Alola
90%
Bug / Electric 0595 Joltik Unova
89%
Bug / Steel 0205 Forretress Johto
87%
Bug / Dark 0920 Lokix Paldea
83%
Bug / Rock 0213 Shuckle Johto
82%
Bug / Psychic 0825 Dottler Galar
78%
No matching quizzes found
Score Distribution
Percent of People with Each Score
Percentile by Number Answered
Your Score History
You have not taken this quiz since the last reset